000 00667nam a22002417a 4500
003 UA-OsUOA
001 20394
007 ta
008 20031028b un ||||| |||| 00| 0 ukr d
100 _aЕгорьева А.В.
090 _a910.4:929 (40+571)
_bЕ30
942 _cBK
040 _aUA-OsUOA
_brus
_cUA-OsUOA
_dUA-OsUOA
245 _aРусский географ и путешественник Миклухо-Маклай
_bК 125-летию со дня рождения
300 _a32 с.
955 _a0
041 _arus
080 _a910.4:929 (40+571)
260 _aЛенинград
_c1971
044 _aRU
650 7 _2UDC
999 _c306571
_d306571